Formes de pays révélant des formes de pays #1 - Statistiques

Statistiques générales
  • Ce quiz a été pris 128 453 fois
  • Le résultat moyen est 17 sur 21
Réponses sur la Carte
Les réponses sont colorées sur une échelle allant du rouge au vert en fonction du pourcentage des utilisateurs qui les ont devinées à leur premier essai. Vous pouvez retrouver ces pourcentages ci-dessous.
 
Statistiques - réponses
Réponse % Correct
États-Unis
99%
Australie
98%
France
98%
Inde
94%
Royaume-Uni
94%
Japon
91%
Canada
90%
Russie
90%
Brésil
86%
Chine
86%
Égypte
86%
Madagascar
86%
Chypre
85%
Indonésie
84%
Afrique du Sud
78%
Grèce
75%
Somalie
68%
Croatie
64%
Nouvelle-Zélande
64%
Sri Lanka
55%
Sénégal
51%
Aucun quiz correspondant
Distribution des résultats
% des personnes avec chaque résultat
Percentile par nombre de réponses
Votre historique - résultats
Vous n’avez pas pris ce quiz